Statistics for business and economics / (Record no. 8771)

MARC details
000 -LEADER
fixed length control field 01221nac a22003371i 4500
003 - CONTROL NUMBER IDENTIFIER
control field EG-ScBUE
005 - DATE AND TIME OF LATEST TRANSACTION
control field 20250529084549.0
008 - FIXED-LENGTH DATA ELEMENTS--GENERAL INFORMATION
fixed length control field 250313t2007 njua af b 001 0 eng d
020 ## - INTERNATIONAL STANDARD BOOK NUMBER
International Standard Book Number 013188090X
020 ## - INTERNATIONAL STANDARD BOOK NUMBER
International Standard Book Number 9780131880900
035 ## - SYSTEM CONTROL NUMBER
System control number (OCoLC)ocm61684269
040 ## - CATALOGING SOURCE
Original cataloging agency EG-ScBUE
Language of cataloging eng
Description conventions rda
Transcribing agency EG-ScBUE
Modifying agency EG-ScBUE
082 04 - DEWEY DECIMAL CLASSIFICATION NUMBER
Classification number 519.5
Item number NEW
Edition number 22
100 1# - MAIN ENTRY--PERSONAL NAME
Personal name Newbold, Paul,
Relator term author.
245 10 - TITLE STATEMENT
Title Statistics for business and economics /
Statement of responsibility, etc Paul Newbold, University of Nottingham, William L. Carlson, St. Olaf College, Betty M. Thorne, Stetson University.
250 ## - EDITION STATEMENT
Edition statement Sixth edition.
264 #1 - PUBLICATION, DISTRIBUTION, ETC. (IMPRINT)
Place of publication, distribution, etc Upper Saddle River, New Jersey :
Name of publisher, distributor, etc Pearson-Prentice Hall,
Date of publication, distribution, etc [2007]
264 #4 - PUBLICATION, DISTRIBUTION, ETC. (IMPRINT)
Date of publication, distribution, etc c2007
300 ## - PHYSICAL DESCRIPTION
Extent xxii, 984, 8 pages :
Other physical details illustrations ;
Dimensions 29 cm
336 ## - CONTENT TYPE
Source rdacontent
Content type term text
Content type code txt
337 ## - MEDIA TYPE
Media type term unmediated
Source rdamedia
Media type code n
338 ## - CARRIER TYPE
Carrier type term volume
Carrier type code nc
Source rdacarrier
504 ## - BIBLIOGRAPHY, ETC. NOTE
Bibliography, etc Includes bibliographical references and index.<br/>
650 #7 - SUBJECT ADDED ENTRY--TOPICAL TERM
Topical term or geographic name as entry element Commercial statistics.
Source of heading or term BUEsh
650 #7 - SUBJECT ADDED ENTRY--TOPICAL TERM
Topical term or geographic name as entry element Economics
General subdivision Statistical methods.
Source of heading or term BUEsh
650 #7 - SUBJECT ADDED ENTRY--TOPICAL TERM
Topical term or geographic name as entry element Statistics.
Source of heading or term BUEsh
655 ## - INDEX TERM--GENRE/FORM
Form subdivision Reading book
700 1# - ADDED ENTRY--PERSONAL NAME
Personal name Carlson, William L.
Fuller form of name (William Lee),
Dates associated with a name 1938-
Relator term author.
700 1# - ADDED ENTRY--PERSONAL NAME
Personal name Thorne, Betty,
Relator term author.
942 ## - ADDED ENTRY ELEMENTS (KOHA)
Koha item type Book - Borrowing
Source of classification or shelving scheme Dewey Decimal Classification
Holdings
Withdrawn status Lost status Source of classification or shelving scheme Damaged status Not for loan Collection code Home library Current library Shelving location Date acquired Source of acquisition Cost, normal purchase price Total Checkouts Total Renewals Full call number Barcode Date last seen Date checked out Cost, replacement price Price effective from Koha item type
    Dewey Decimal Classification     Baccah Central Library Central Library First floor 24/03/2008 Purchase 224.00 4 4 519.5 NEW 000010520 15/07/2025 16/12/2021 280.00 24/03/2008 Book - Borrowing
    Dewey Decimal Classification     Baccah Central Library Central Library First floor 24/03/2008 Purchase 224.00     519.5 NEW 000010764 24/08/2022   280.00 25/03/2008 CD | DVD - With book